000 00702nam a2200265Ia 4500
005 20260302114436.0
008 008 260114s9999 xx 000 0 eng d
020 _a9781350033887
037 _aTextbook
040 _aCRL
040 _beng
040 _cCRL
041 _2eng
041 _aeng
084 _qCRL
100 _aEli Hirsch
_91118779
245 0 _aRadical Skepticism and the Shadow of Doubt A Philosophical Dialogue
260 _bBloomsbury
260 _bBloomsbury Academic
260 _c2017
650 _aPhilosophy
856 _uhttps://dx.doi.org/10.5040/9781350033887?locatt=label:secondary_bloomsburyCollections
942 _cEBOOK
999 _c1682565
_d1682565